00971nam0a22002171 4500001001500000005001700015035002600032100004100058101000800099102000700107105001800114200031100132205002600443210007500469215004700544700007500591801001800666801002200684801002700706852002000733v19\rc\198317020251118181211.7 a(NLR Aleph) 005066081 a20080623d1914 u y0rusy50 ca0 arus aRU ak z |||||1 aСборник вопросов с ответами на них по обязанностям весовщиков и перевозке грузов и багажа по железным дорогамfСост. ст. ревизор Службы движения Юж. ж. д. А.Г. Рыжевский aНеофиц. изд. aХарьковcт-во "Печатня С.П. Яковлева"d1914 a[2], X, 448, 14 с., 2 л. бланк.d26 1aРыжевскийbА.Г.gАндрей Георгиевич4220 0aRUbNLRgpsbo 0aRUbRuMoRGB2psbo 1aRUbProSoft-M2rusmarc aNLRj37.39.5.46